000 00302nam a2200121Ia 4500
008 190902s9999||||xx |||||||||||||| ||und||
020 _a978-81-224-2721-9
100 _aNiels Noorderhaven
245 0 _aStrategic Decision Making
260 _aIndia
_bThe McGraw-Hill
_c1995
300 _a250
942 _cBK
999 _c2771
_d2771